The Maruti Story (Record no. 90621)

MARC details
000 -LEADER
fixed length control field 00549nam a2200193Ia 4500
008 - FIXED-LENGTH DATA ELEMENTS--GENERAL INFORMATION
fixed length control field 230125s9999 xx 000 0 und d
020 ## - INTERNATIONAL STANDARD BOOK NUMBER
International Standard Book Number 978-81-7223-780-6
041 ## - LANGUAGE CODE
Language code of text/sound track or separate title eng
082 ## - DEWEY DECIMAL CLASSIFICATION NUMBER
Classification number 920.650
Item number BHA
100 ## - MAIN ENTRY--PERSONAL NAME
Personal name Bhargava R C
9 (RLIN) 113484
245 ## - TITLE STATEMENT
Title The Maruti Story
Remainder of title How a Public Sector Company put India on Wheels
260 ## - PUBLICATION, DISTRIBUTION, ETC. (IMPRINT)
Date of publication, distribution, etc. 2010
Name of publisher, distributor, etc. Harper Collins Publishers
Place of publication, distribution, etc. Uttar Pradesh
300 ## - PHYSICAL DESCRIPTION
Extent 383p
500 ## - GENERAL NOTE
Keywords Company profile
650 ## - SUBJECT ADDED ENTRY--TOPICAL TERM
Topical term or geographic name as entry element Company Profile
700 ## - ADDED ENTRY--PERSONAL NAME
Personal name Bhargava R C
9 (RLIN) 113484
906 ## - LOCAL DATA ELEMENT F, LDF (RLIN)
b 100
Holdings
Withdrawn status Lost status Damaged status Not for loan Home library Current library Date acquired Vendor Cost, normal purchase price Bill number Total Checkouts Full call number Barcode Date last seen Cost, replacement price Bill Date Koha item type Original Barcode
        Smt. Hiraben Nanavati Institute of Management & Research for Women Smt. Hiraben Nanavati Institute of Management & Research for Women 25/09/2010 Pritam Book Centre 499.00 7088   920.650 BHA B08885 HIMR-BK-8885 25/01/2023 399.00 10/09/2010 Books B08885